El espejo del tiempo : (Registro nro. 11331)

Detalles MARC
000 -LIDER
fixed length control field 01058cam a2200373 4500
001 - NÚMERO DE CONTROL
Identificador de número de control 0038
003 - IDENTIFICACDOR DE NÚMERO DE CONTROL
control field DO-SdBNP
005 - DATE AND TIME OF LATEST TRANSACTION
control field 20220624130720.0
007 - CAMPOS FIJOS DE DESCRIPCIÓN FÍSICA
fixed length control field 0038
008 - ELEMENTOS DE LONGITUD FIJA
fixed length control field 100205s2009 sp 2009 || 001 0 spa
015 ## - NÚMERO DENTRO DE LA BIBLIOGRAFÍA NACIONAL
National bibliography number
017 ## - NÚMERO DE REGISTRO DE DERECHOS DE AUTOR
Copyright or legal deposit number
Assigning agency
020 ## - ISBN
International Standard Book Number 9788430606733
035 ## - NÚMERO LOCAL
System control number
040 ## - FUENTE DE CATALOGACIÓN
Agencia que crea de manera original el registro BPMSU
Idioma de catalogación spa
Agencia que realiza la transcripción BPMSU
Convenciones de la despripción
080 ## - NÚMERO DE CLASIFICACIÓN DECIMAL UNIVERSAL
Universal Decimal Classification number
080 ## - NÚMERO DE CLASIFICACIÓN DECIMAL UNIVERSAL
Universal Decimal Classification number
082 ## - NÚMERO DE CLASIFICACIÓN DECIMAL DE DEWEY
Classification number 946
Item number F993e 2009
Edition number 22
100 1# - ASIENTO PRINCIPAL -- NOMBRE PERSONAL
Nombre personal Fusi, Juan Pablo,
Fechas asociadas con el nombre 1945-
245 13 - MENCIÓN DE TITULO
Título El espejo del tiempo :
Subtítulo la historia y el arte de España /
Mención de responsabilidad Juan Pablo Fusi, Francisco Calvo Serraller
Medio (Designación general de material)
260 ## - PUBLICACIÓN, DISTRIBUCIÓN, ETC. (PIE DE IMPRENTA)
Lugar de publicación, distribución, etc Madrid :
Nombre del editor, distribuidor, etc. Taurus,
Fecha de publicación, distribución, etc 2009.
300 ## - DESCRIPCIÓN FÍSICA
Extensión 566 p. :
Otros detalles físicos il.
Dimensiones 26 cm.
490 1# - MENCIÓN DE SERIES
Mención de serie Taurus historia
500 ## - NOTA GENERAL
Nota general Incluye índice alfabético
500 ## - NOTA GENERAL
Nota general Incluye datos biográficos del autor
650 #4 - ENCABEZAMIENTO DE MATERIA--TEMÁTICO
Término temático o nombre geográfico como elemento de entrada Monarquía
Subdivisión temática general Historia
Subdivisión geográfica España.
650 #4 - ENCABEZAMIENTO DE MATERIA--TEMÁTICO
Término temático o nombre geográfico como elemento de entrada Arte español
Subdivisión temática general Historia y crítica.
651 #4 - ENCABEZAMIENTO DE MATERIA--NOMBRE GEOGRÁFICO
Nombre geográfico España
Subdivisión temática general Historia.
651 #4 - ENCABEZAMIENTO DE MATERIA--NOMBRE GEOGRÁFICO
Nombre geográfico España
Subdivisión temática general Política y gobierno
700 1# - ASIENTO SECUNDARIO -- NOMBRE PERSONAL
Nombre personal Calvo Serraller, Francisco,
Fechas asociadas con el nombre 1948-
910 ## - VALIDACIÓN
Validación VMateo V.
942 ## - ADDED ENTRY ELEMENTS (KOHA)
Source of classification or shelving scheme Dewey Decimal Classification
Koha item type Libros
945 ## - INFORMACIÓN DE PROCESAMIENTO LOCAL
Información de procesamiento local
Existencias
Withdrawn status Lost status Source of classification or shelving scheme Damaged status Not for loan Collection code Home library Current library Date acquired Source of acquisition Full call number Barcode Date last seen Price effective from Koha item type Copy number
    Dewey Decimal Classification     Colección General Biblioteca Pública Metropolitana Salomé Ureña Biblioteca Pública Metropolitana Salomé Ureña 09/06/2016 ALFAGUARA BPMSU CG 946 F993e 2009 BPMSU18010041 09/06/2016 09/06/2016 Libros  
    Dewey Decimal Classification     Colección General Biblioteca Pública Metropolitana Salomé Ureña Biblioteca Pública Metropolitana Salomé Ureña 09/06/2016 ALFAGUARA BPMSU CG 946 F993e 2009 BPMSU16090189 09/06/2016 09/06/2016 Libros e. 2
    Dewey Decimal Classification     Colección General Biblioteca Pública Metropolitana Salomé Ureña Biblioteca Pública Metropolitana Salomé Ureña 09/06/2016 ALFAGUARA BPMSU CG 946 F993e 2009 BPMSU16090190 09/06/2016 09/06/2016 Libros e. 3